000 00836nam a2200277Ia 4500
001 33598
003 IT-RoPAU
008 130308s9999 xx 000 0 und d
040 _aIT-RoPAU
040 _cIT-RoPAU
041 _aITALIANO
100 _aPorro Renato
100 _gCodice Aut. SPICS: 9007
245 _aConsumi culturali in Italia (I)-Note per una ricostruzione dal dopoguerra ad oggi
245 _bSpettacolo del consumo (Lo)-Televisione e Cultura di Massa nella Legittimazione Sociale
260 _aMILANO
260 _bAngeli Franco
260 _c1986 [1° Ed.:1986 - Ed.Ling.Originale:1986]
300 _a"17 p. (prefazione: no ; testo: 17 [pagine: 107-123])"
650 _aSAGGI SULLA TELEVISIONE
650 _eCodice materia Spics: 6961
942 _cBK
957 _71
999 _c57618
_d57618
999 _bSI
999 _g1